[Event "Hoogeveen op 25th"]
[Site "Hoogeveen"]
[Date "2022.10.19"]
[Round "5"]
[White "Winkel, Ruud"]
[Black "Hanna Matrr, David"]
[Result "0-1"]
[WhiteElo "1663"]
[BlackElo "1904"]
[PlyCount "98"]
[EventDate "2022.10.15"]
[EventType "swiss"]
[EventRounds "9"]
[EventCountry "NED"]
[SourceTitle "CBM 210 Extra"]
[Source "ChessBase"]
[SourceDate "2022.11.30"]
[SourceVersion "1"]
[SourceVersionDate "2022.11.30"]
[SourceQuality "1"]

1. f4 d5 2. Nf3 g6 3. d4 Bg7 4. e3 c5 5. c3 cxd4 6. exd4 Nf6 7. Bd3 0-0 8. Nbd2 b6 9. 0-0 Ba6 10. Qe2 Bxd3 11. Qxd3 Nc6 12. Ne5 Qc7 13. Ndf3 e6 14. g4 Nxe5 15. Nxe5 Ne4 16. f5 g5 17. Nf3 h6 18. Be3 exf5 19. gxf5 Rfe8 20. Ne5 a6 21. Rf3 f6 22. Ng6 b5 23. Bf2 Qc4 24. Qxc4 bxc4 25. h4 Kf7 26. Re1 Nd6 27. h5 Rxe1+ 28. Bxe1 Re8 29. Kf2 Rb8 30. b4 cxb3 31. axb3 Rxb3 32. Ke2 Ne4 33. Kd3 a5 34. Re3 a4 35. Kc2 Rb7 36. c4 Nd6 37. cxd5 Nxf5 38. Rd3 Rc7+ 39. Rc3 Nxd4+ 40. Kd3 Rxc3+ 41. Bxc3 Nf5 42. Be1 Ne7 43. Nxe7 Kxe7 44. Ke4 Bf8 45. Kf5 Kf7 46. Bc3 Be7 47. Bd4 a3 48. Bc3 a2 49. Bb2 g4 0-1

[Event "Hoogeveen op 25th"]
[Site "Hoogeveen"]
[Date "2022.10.18"]
[Round "4"]
[White "Hanna Matrr, David"]
[Black "Koes, Richard"]
[Result "0-1"]
[WhiteElo "1904"]
[BlackElo "1755"]
[PlyCount "120"]
[EventDate "2022.10.15"]
[EventType "swiss"]
[EventRounds "9"]
[EventCountry "NED"]
[SourceTitle "CBM 210 Extra"]
[Source "ChessBase"]
[SourceDate "2022.11.30"]
[SourceVersion "1"]
[SourceVersionDate "2022.11.30"]
[SourceQuality "1"]

1. e4 e5 2. Bc4 Nf6 3. d3 c6 4. Nf3 d5 5. exd5 cxd5 6. Bb3 Nc6 7. h3 Bc5 8. 0-0 0-0 9. Bg5 Be6 10. Nc3 Be7 11. Re1 h6 12. Bh4 Qd7 13. Nxe5 Nxe5 14. Rxe5 g5 15. Bxg5 hxg5 16. Rxg5+ Kh8 17. Qd2 Nh7 18. Rh5 Rg8 19. Qh6 Rg7 20. Nxd5 Bxd5 21. Rxd5 Qc6 22. Qxc6 bxc6 23. Rd7 Bf6 24. c3 Ng5 25. Kf1 Rag8 26. Re1 Nf3 27. gxf3 Rg1+ 28. Ke2 Re8+ 29. Kd2 Rgxe1 30. d4 R1e2+ 31. Kd3 R8e7 32. Rxe7 Rxe7 33. Ba4 Bh4 34. Bxc6 Bxf2 35. Be4 Kg7 36. f4 Bg3 37. f5 f6 38. b4 Kf8 39. c4 Ke8 40. c5 Kd8 41. a4 Be1 42. b5 Ba5 43. d5 Rh7 44. d6 Rxh3+ 45. Kd4 Ra3 46. Bc2 Ra2 47. Bb3 Rf2 48. Ke4 Re2+ 49. Kd4 Re5 50. c6 Rxf5 51. c7+ Bxc7 52. dxc7+ Kxc7 53. Ke4 Re5+ 54. Kf4 Kb6 55. Kf3 Ka5 56. Kf4 Kb4 57. Bd1 Re1 58. Bc2 Rc1 59. Bd3 Rc5 60. Ke4 Kxa4 0-1

[Event "Hoogeveen op 25th"]
[Site "Hoogeveen"]
[Date "2022.10.15"]
[Round "1"]
[White "De Winter, Arthur"]
[Black "Hanna Matrr, David"]
[Result "1-0"]
[WhiteElo "2390"]
[BlackElo "1904"]
[PlyCount "39"]
[EventDate "2022.10.15"]
[EventType "swiss"]
[EventRounds "9"]
[EventCountry "NED"]
[SourceTitle "CBM 210 Extra"]
[Source "ChessBase"]
[SourceDate "2022.11.30"]
[SourceVersion "1"]
[SourceVersionDate "2022.11.30"]
[SourceQuality "1"]

1. e4 d6 2. d4 Nf6 3. Nc3 g6 4. Be3 c6 5. Qd2 b5 6. Bd3 Nbd7 7. h3 a5 8. f4 b4 9. Nce2 e5 10. Nf3 Qc7 11. fxe5 dxe5 12. dxe5 Nxe5 13. Nxe5 Qxe5 14. Bd4 Qe7 15. 0-0 Bg7 16. Qe3 Bb7 17. Qf2 Nh5 18. Bc5 Qf6 19. g4 Qxf2+ 20. Rxf2 1-0